000 00493nam a2200181Ia 4500
005 20250326123705.0
008 250326s9999 xx 000 0 und d
037 _aTextbook
040 _aFMSL
_beng
_cFMSL
041 _aeng
_2eng
084 _aX7.2 M1
_qFMSL
100 _aNIPFAP
_9735818
245 0 _aTrends and issues in Indian federal fice
_cNIPFAP
260 _aNew Delhi
_bNew Delhi, Allied
_c1981
300 _a182p
942 _cTB
_hX7.2 M1
999 _c1270521
_d1270521